000 00571 a2200181 4500
999 _c6392
_d6392
020 _a8174463542 (hbk)
050 _aZ 665 GAU 2003
245 _a Business and management libraries :
_bopportunities and challenges in the 21st century/
_cby Ramesh C Gaur (et al)
264 _aNew Delhi :
_bExcel,
_c2003.
300 _axii,354p.
_bill.
500 _aincludes bibliographic references
650 _aBusiness libraries.
650 _aManagement libraries
700 _aJambhekar, A
700 _aGoswami, P.R.
700 _aAshraf, T
942 _2lcc
_cBK
_h665
_iBUS
_kZ